Fr. Conceicao Rodrigues College of Engineering

Applied Multivariate statistical analysis (Record no. 34983)

MARC details
000 -LEADER
fixed length control field 00266nam a2200133Ia 4500
082 ## - DEWEY DECIMAL CLASSIFICATION NUMBER
Item number APP
100 ## - MAIN ENTRY--PERSONAL NAME
Personal name author
245 ## - TITLE STATEMENT
Title Applied Multivariate statistical analysis
260 ## - PUBLICATION, DISTRIBUTION, ETC.
Name of publisher, distributor, etc. #N/A
546 ## - LANGUAGE NOTE
Language note ENGLISH
650 ## - SUBJECT ADDED ENTRY--TOPICAL TERM
Topical term or geographic name entry element Statistics
942 ## - ADDED ENTRY ELEMENTS (KOHA)
Koha item type BOOK
Holdings
Withdrawn status Lost status Damaged status Not for loan Collection Home library Current library Date acquired Source of acquisition Cost, normal purchase price Inventory number Total Checkouts Full call number Barcode Date last seen Cost, replacement price Price effective from Koha item type
        CRC Fr. Agnel's C.Rodrigues College of Engineering Fr. Agnel's C.Rodrigues College of Engineering 17/03/2023 All India Book House 790.00 MRG project 1085   APP 25795 17/03/2023 790.00   BOOK